[Event "RUS-chT2"]
[Site "Sochi"]
[Date "2017.05.01"]
[Round "1.7"]
[White "Wagner, Dinara"]
[Black "Bezdenezhnyh, Pavel"]
[Result "1-0"]
[WhiteElo "2271"]
[BlackElo "2188"]
[PlyCount "83"]
[EventDate "2017.05.01"]
[EventType "team-swiss"]
[EventRounds "9"]
[EventCountry "RUS"]
[SourceTitle "CBM 178 Extra"]
[Source "ChessBase"]
[SourceDate "2017.06.22"]
[SourceVersion "1"]
[SourceVersionDate "2017.06.22"]
[SourceQuality "1"]
[WhiteTeam "Moscow SSHOR Youth"]
[BlackTeam "Nizhny Tagil Politekhnik"]
[WhiteTeamCountry "RUS"]
[BlackTeamCountry "RUS"]

1. d4 Nf6 2. c4 c5 3. d5 b5 4. cxb5 a6 5. bxa6 g6 6. Nc3 Bxa6 7. g3 d6 8. Bg2 Bg7 9. Nf3 0-0 10. 0-0 Nbd7 11. Qc2 Qa5 12. Rd1 Rfb8 13. Rb1 h6 14. Bd2 Nb6 15. b3 Bc8 16. e4 Bg4 17. h3 Bxf3 18. Bxf3 Nfd7 19. a4 Qa6 20. Nb5 Rc8 21. Be2 c4 22. bxc4 Qxa4 23. Rdc1 Qxc2 24. Rxc2 Ra4 25. Rb4 Ra1+ 26. Kg2 f5 27. exf5 Nxd5 28. Rb3 gxf5 29. Bd3 N5f6 30. Bxf5 Ra4 31. Rbc3 Kf8 32. Nd4 e5 33. Ne6+ Kf7 34. Rd3 d5 35. Nxg7 Kxg7 36. Bxd7 Nxd7 37. Rxd5 Rc7 38. Be3 h5 39. c5 Ra5 40. Rcd2 Nxc5 41. Rc2 Nd7 42. Rxa5 1-0

[Event "Voronezh op-A 20th"]
[Site "Voronezh"]
[Date "2016.06.17"]
[Round "6"]
[White "Bryakin, Mikhail"]
[Black "Bezdenezhnyh, Pavel"]
[Result "1-0"]
[WhiteElo "2290"]
[BlackElo "2200"]
[PlyCount "53"]
[EventDate "2016.06.12"]
[EventType "swiss"]
[EventRounds "9"]
[EventCountry "RUS"]
[SourceTitle "EXT 2019"]
[Source "ChessBase"]
[SourceDate "2018.10.10"]
[SourceVersion "1"]
[SourceVersionDate "2018.10.10"]
[SourceQuality "1"]

1. d4 Nf6 2. c4 g6 3. Nc3 d5 4. Bg5 Ne4 5. Bh4 Nxc3 6. bxc3 Bg7 7. e3 c5 8. Nf3 cxd4 9. cxd4 Nc6 10. Be2 dxc4 11. Bxc4 Qa5+ 12. Qd2 Qxd2+ 13. Nxd2 0-0 14. 0-0 e6 15. Rab1 b6 16. Rfc1 Bb7 17. Bb5 Rfc8 18. Nc4 Bf8 19. Bg3 Nb4 20. Bd7 Rd8 21. Ne5 Be4 22. Rb2 Nd3 23. Nxd3 Ba3 24. Rc7 e5 25. Bxe5 Bxd3 26. Rb3 Rxd7 27. Rxd7 1-0

[Event "Voronezh op-A 20th"]
[Site "Voronezh"]
[Date "2016.06.15"]
[Round "4"]
[White "Nikitenko, Mihail"]
[Black "Bezdenezhnyh, Pavel"]
[Result "1-0"]
[WhiteElo "2391"]
[BlackElo "2200"]
[PlyCount "109"]
[EventDate "2016.06.12"]
[EventType "swiss"]
[EventRounds "9"]
[EventCountry "RUS"]
[SourceTitle "EXT 2019"]
[Source "ChessBase"]
[SourceDate "2018.10.10"]
[SourceVersion "1"]
[SourceVersionDate "2018.10.10"]
[SourceQuality "1"]

1. e4 c5 2. Nf3 Nc6 3. Bb5 g6 4. 0-0 Bg7 5. Re1 Nf6 6. Nc3 d6 7. e5 dxe5 8. Nxe5 Bd7 9. Bxc6 Bxc6 10. Nxc6 bxc6 11. d3 0-0 12. Qf3 Nd5 13. Ne4 Nb4 14. Qe2 Qb6 15. Be3 Nd5 16. Rab1 Nxe3 17. Qxe3 Bd4 18. Qh6 Bg7 19. Qg5 f5 20. Nd2 Bf6 21. Qe3 Rad8 22. Nc4 Qb5 23. Qe6+ Kg7 24. Ra1 Qb7 25. a4 Rd4 26. a5 a6 27. Ra3 Qc7 28. Rb3 Rh4 29. g3 Rh5 30. Rb6 f4 31. Rxc6 Qd8 32. Re4 fxg3 33. hxg3 Rf7 34. Rc8 Qd5 35. Qxd5 Rxd5 36. Kg2 Bd4 37. Rf4 Rxf4 38. gxf4 Rf5 39. c3 Bf6 40. Rc6 Rxf4 41. Rxa6 Rg4+ 42. Kf3 Rg1 43. Re6 h5 44. a6 h4 45. a7 h3 46. a8Q h2 47. Ke2 h1Q 48. Qxh1 Rxh1 49. Rc6 Rh5 50. Nd2 g5 51. Rxc5 Rh2 52. Nf3 Rg2 53. Kf1 Rg4 54. b4 Kg6 55. Ne5+ 1-0

[Event "Voronezh op-A 20th"]
[Site "Voronezh"]
[Date "2016.06.14"]
[Round "3"]
[White "Yandarbiev, Ruslan"]
[Black "Bezdenezhnyh, Pavel"]
[Result "1-0"]
[WhiteElo "2352"]
[BlackElo "2200"]
[PlyCount "66"]
[EventDate "2016.06.12"]
[EventType "swiss"]
[EventRounds "9"]
[EventCountry "RUS"]
[SourceTitle "EXT 2019"]
[Source "ChessBase"]
[SourceDate "2018.10.10"]
[SourceVersion "1"]
[SourceVersionDate "2018.10.10"]
[SourceQuality "1"]

1. e4 c5 2. Nf3 e6 3. d4 cxd4 4. Nxd4 a6 5. Bd3 Bc5 6. Nb3 Ba7 7. 0-0 Nc6 8. Qg4 Nf6 9. Qe2 Qc7 10. Be3 Bxe3 11. Qxe3 Ng4 12. Qh3 h5 13. Nc3 Nce5 14. a4 g5 15. a5 Ng6 16. Qg3 Nf4 17. Nd2 Rg8 18. Nc4 Ne5 19. Nxe5 Qxe5 20. Rfd1 d6 21. Bf1 Bd7 22. Qe3 Bc6 23. Rd4 Ke7 24. Qd2 Rgd8 25. b4 Rac8 26. Rd1 Be8 27. Nb1 Ba4 28. Na3 Rc7 29. Nc4 Rxc4 30. Rxc4 Bb5 31. Rc7+ Kf8 32. Bxb5 Qxb5 33. Rc5 Ne2+ 1-0

[Event "Nezhmetdinov Memorial 38th"]
[Site "Kazan"]
[Date "2016.05.31"]
[Round "1"]
[White "Bezdenezhnyh, Pavel"]
[Black "Kokarev, Dmitry"]
[Result "0-1"]
[WhiteElo "2181"]
[BlackElo "2622"]
[PlyCount "108"]
[EventDate "2016.05.31"]
[EventType "swiss"]
[EventRounds "9"]
[EventCountry "RUS"]
[SourceTitle "CBM 172 Extra"]
[Source "ChessBase"]
[SourceDate "2016.06.21"]
[SourceVersion "1"]
[SourceVersionDate "2016.06.21"]
[SourceQuality "1"]

1. e4 c5 2. Nf3 d6 3. d4 cxd4 4. Qxd4 a6 5. c4 Nc6 6. Qd2 g6 7. Nc3 Bh6 8. Qc2 Bg7 9. Be2 Bg4 10. 0-0 Rc8 11. Be3 Bxf3 12. gxf3 Nd4 13. Qa4+ Qd7 14. Qxd7+ Kxd7 15. Rac1 Rc7 16. b3 Nxe2+ 17. Nxe2 Nf6 18. Rfd1 Kc8 19. Nc3 Rc6 20. Bd4 e6 21. Be3 Nd7 22. Ne2 Rd8 23. Nd4 Rc7 24. Ne2 Nc5 25. Bg5 Rdd7 26. Bf4 Be5 27. Be3 f5 28. Bxc5 dxc5 29. f4 Bb2 30. Rb1 Ba3 31. e5 Bb4 32. Kg2 b5 33. Kf3 Kb7 34. Ke3 Kc6 35. Kf3 Rb7 36. Ke3 bxc4 37. bxc4 Bd2+ 38. Kf3 Rd3+ 39. Kg2 Rxb1 40. Rxb1 Bb4 41. Rb2 a5 42. f3 a4 43. Kf2 a3 44. Rc2 Rd2 45. Rxd2 Bxd2 46. Kg3 Kb6 47. Ng1 Ka5 48. Nh3 h6 49. Kf2 Kb4 50. Ke2 Kc3 51. Nf2 Bxf4 52. Nd3 Bxh2 53. Nxc5 Kxc4 54. Nxe6 Bxe5 0-1

[Event "Verkhnya Salda-ch op"]
[Site "Verkhnya Salda"]
[Date "2009.11.21"]
[Round "8"]
[White "Bezdenezhnyh, Pavel"]
[Black "Matveev, Vladimir1111"]
[Result "1/2-1/2"]
[WhiteElo "1987"]
[BlackElo "2267"]
[PlyCount "121"]
[EventDate "2009.10.22"]
[EventType "swiss"]
[EventRounds "9"]
[EventCountry "RUS"]
[SourceTitle "EXT 2022"]
[Source "ChessBase"]
[SourceDate "2021.10.06"]
[SourceVersion "1"]
[SourceVersionDate "2021.10.06"]
[SourceQuality "1"]

1. e4 d6 2. d4 Nf6 3. Nc3 g6 4. f4 Bg7 5. Nf3 c5 6. dxc5 Qa5 7. Qd4 dxc5 8. Qc4 0-0 9. e5 Be6 10. exf6 Bxc4 11. fxg7 Rd8 12. Bxc4 Qb4 13. Ne5 e6 14. 0-0 Nd7 15. a3 Qb6 16. Nd3 Qc6 17. Be3 a6 18. a4 Nb6 19. Ne5 Qc7 20. Rfd1 Kxg7 21. a5 Nxc4 22. Nxc4 g5 23. g3 Rd4 24. Bxd4+ cxd4 25. Rxd4 Qc5 26. Rad1 gxf4 27. gxf4 Rg8 28. Ne4 Kh8+ 29. Kh1 Qf5 30. Ned6 Qg6 31. R4d2 f6 32. Ne3 Qh5 33. Rg1 Rxg1+ 34. Kxg1 Qxa5 35. Rg2 Qc7 36. Ndc4 b5 37. Nd2 Qxf4 38. Ndf1 f5 39. c3 Qe4 40. Nd1 h6 41. Nf2 Qb1 42. Nh3 e5 43. Re2 Qd3 44. Re3 Qd5 45. Rg3 Qc5+ 46. Kg2 Kh7 47. Nf2 Qd5+ 48. Kg1 e4 49. Re3 Qg8+ 50. Rg3 Qb3 51. Rg2 Qe6 52. Ne3 f4 53. Neg4 Kh8 54. h3 e3 55. Nd3 e2 56. Kf2 e1R 57. Nxe1 h5 58. Nh2 Qe3+ 59. Kf1 Qxh3 60. Nhf3 Qe6 61. Nd3 1/2-1/2